[Event "Mallorca-chT Preferente"]
[Site "Palma de Mallorca"]
[Date "2012.03.31"]
[Round "9.2"]
[White "Martin Carayol, Raul"]
[Black "Munar Mut, Antoni"]
[Result "1-0"]
[WhiteElo "2199"]
[BlackElo "2018"]
[PlyCount "77"]
[EventDate "2012.01.28"]
[EventType "team"]
[EventRounds "9"]
[EventCountry "ESP"]
[SourceTitle "EXT 2014"]
[Source "ChessBase"]
[SourceDate "2013.11.20"]
[SourceVersion "1"]
[SourceVersionDate "2013.11.20"]
[SourceQuality "1"]
[WhiteTeam "Mate en Dos"]
[BlackTeam "Inca"]
[WhiteTeamCountry "ESP"]
[BlackTeamCountry "ESP"]

1. c4 e5 2. Nc3 d6 3. Nf3 Nc6 4. d4 exd4 5. Nxd4 Nxd4 6. Qxd4 Nf6 7. g3 Be7 8. Bg2 0-0 9. b3 c6 10. 0-0 Nd7 11. Bb2 Ne5 12. c5 b6 13. cxd6 Bf6 14. Qd2 Bf5 15. e4 Bh3 16. f4 Bxg2 17. Kxg2 Ng4 18. e5 Be7 19. Rfd1 Bh4 20. h3 Nh6 21. gxh4 Qxh4 22. Qf2 Qh5 23. Ne2 Nf5 24. Ng3 Nh4+ 25. Kh1 Qh6 26. f5 Rad8 27. Bc1 g5 28. Qe3 f6 29. exf6 Ng6 30. Qxg5 Qxh3+ 31. Kg1 Rxf6 32. fxg6 h6 33. Qe3 Rdf8 34. Bb2 Rf2 35. Qxf2 Rxf2 36. Kxf2 Qh2+ 37. Kf3 Qxb2 38. d7 Qc3+ 39. Kg2 1-0